000 01190nam a2200313 i 4500
001 180215
003 ES-MaACL
005 20251112164337.0
008 120518s2011 sp |||| |dspa d
020 _a978-84-9895-072-4
080 _a821.134.2(729.3)-14"19"(082.2)
245 0 0 _aPoesía dominicana
_b: antología esencial /
_c[edición de] José Mármol, Basilio Belliard ; [Otilio Vigil Díaz, Domingo Moreno Jimenes, Tomás Hernández Franco ... et al.].
246 1 4 _aLa poesía del siglo XX en República Dominicana
260 _aMadrid :
_bVisor Libros,
_c[2011]
300 _a320 p. ;
_c21 cm.
490 1 _aLa estafeta del viento ;
_v10
490 1 _aVisor de poesía
650 7 _aPoesías dominicanas
_9145518
650 4 _aPoesía dominicana.
_9150040
700 1 _aMármol, José (
_d1960-)
_9150038
700 1 _aBelliard, Basilio.
_9150037
700 1 _aVigil Díaz,
_d1880-1963
_9150039
830 0 _aLa estafeta del viento ;
_v10
_9185770
830 0 _aColección Visor de poesía
_9177331
852 _aES-MaACL
_jA-12108
_9187128
_bR.148334
_cDEPO1
_dOlim: N-5113
942 _2udc
_cMONOGRAFIA
999 _c180215
_d180215